• 首页
  • 本馆介绍
  • 公告通知
  • 最新文献
  • 馆藏检索
  • 电子资源
  • 读者导购
  • 参考咨询
  • 我的图书馆
  • 登录
  • 详细信息显示
  • 放入我的书架
  • 预约/预借图书
  • 作者相关作品
  • 分类相关作品
  • 丛书相关作品
  • 出版社相关作品

书目信息

  • 表格格式
  • 工作单格式
  • 卡片格式
题名:
维生素K2
    
 
作者: 李树壮 主编
分册:  
出版信息: 北京   中国医药科技出版社  2013.11
页数: 206页
开本: 23cm
丛书名: 第一健康系列丛书
单 册:
中图分类: Q568
科图分类:
主题词: 维生素K--基本知识 , 维生素K
电子资源:
ISBN: 978-7-5067-6300-4
000 01194nam0 2200313 450
001 0400002319
005 20171020163710.0
010    @a978-7-5067-6300-4@dCNY49.00
090    @aQ56@blsz
100    @a20140429e20172013em y0chiy50 ea
101 0  @achi
102    @aCN@b110000
105    @aa z 000yy
106    @ar
200 1  @a维生素K2@9wei sheng su K2@e维护骨骼和血管健康的革命性贡献@f李树壮主编
210    @a北京@c中国医药科技出版社@d2013.11@h2017.5
215    @a206页@c图@d23cm
225 1  @a第一健康系列丛书
300    @a诺贝尔医学或生理学奖发现系列
304    @a正题名“维生素K2”中的“2”为下角标
330    @a本书是国内第一本系统介绍维生素K2的科普读物。读者会了解到关于维生素K2这种营养补充剂的神奇效果,包括最佳膳食来源,补充形式,建议服用剂量等。此外,书中还将提供了骨质疏松、骨关节病、心脑血管疾病、肝脏疾病等慢性疾病的营养康复知识。
461  0 @12001 @a第一健康系列丛书
517 1  @a维护骨骼和血管健康的革命性贡献@9wei hu gu ge he xue guan jian kang de ge ming xing gong xian
606 0  @a维生素K@x基本知识
606 0  @a维生素K
690    @aQ568@v5
701  0 @a李树壮@9li shu zhuang@4主编
801  0 @aCN@bNLC@c20171020
905    @b1026806-10@dQ568@f5@e234
    
    维生素K2:维护骨骼和血管健康的革命性贡献/李树壮主编.-北京:中国医药科技出版社,2013.11(2017.5)
    206页:图;23cm.-(第一健康系列丛书)
    诺贝尔医学或生理学奖发现系列
    
    ISBN 978-7-5067-6300-4:CNY49.00
    本书是国内第一本系统介绍维生素K2的科普读物。读者会了解到关于维生素K2这种营养补充剂的神奇效果,包括最佳膳食来源,补充形式,建议服用剂量等。此外,书中还将提供了骨质疏松、骨关节病、心脑血管疾病、肝脏疾病等慢性疾病的营养康复知识。
●
相关链接 在E读中查询图书 在五车中查询图书 在当当中查询图书 在豆瓣中查询图书


正题名:维生素K2     索取号:Q568/234         预约/预借

序号 登录号 条形码 馆藏地/架位号 状态 备注
1 1026806   210268066   第二样本阅览室/ [索取号:Q568/234] 在馆    
2 1026807   210268075   第三借阅区/ [索取号:Q568/234] 在馆    
3 1026808   210268084   第三借阅区/ [索取号:Q568/234] 在馆    
4 1026809   210268093   第三借阅区/ [索取号:Q568/234] 在馆    
5 1026810   210268100   密集书库-生命科学系/ [索取号:Q568/234] 在馆    
唐山师范学院图书馆 欢迎您!
大连网信软件有限公司© 版权所有